000 00493nam a2200181 4500
001 26883
005 20230411085953.0
008 060907n1994 dr spa
020 _a8420627763
035 _9funglode27086
041 _aES
245 0 3 _aLa envidia /
_cCompilador Carlos Castilla del Pino
260 _aMadrid :
_bAlianza Editorial,
_c1994
300 _a158 p.
440 _aCol. Alianza Universidad ;
_v776
700 _aCastilla del Pino, Carlos
942 _2lcc
_cbk
999 _c110239
_d110239